La sovrana lettrice /

A una cena ufficiale, circostanza che generalmente non si presta a un disinvolto scambio di idee, la regina d'Inghilterra chiede al presidente francese se ha mai letto Jean Genet. Ora, se il personaggio pubblico noto per avere emesso, nella sua carriera, il minor numero di parole arrischia una doman...

詳細記述

保存先:
書誌詳細
第一著者: Bennett, Alan, (1934- ) (著者)
その他の著者: Pavani, Monica (翻訳家)
フォーマット: 図書
言語:イタリア語
出版事項: Milano : Adelphi, 2011
シリーズ:Gli Adelphi ; 398
タグ: タグ追加
タグなし, このレコードへの初めてのタグを付けませんか!

MARC

LEADER 00000nam a22000007i 4500
001 IT\ICCU\LIA\0955702
003 ItRI
005 20260115232106.0
008 111108s2011 it |||||| |||||1|||||c
020 |a 9788845926266 
040 |b ita  |c importazione bologna sebina 
041 7 |a ita  |2 ISO-639-2 
082 |a 823.914  |9 NARRATIVA INGLESE, 1945-1999  |2 21 
100 1 |a Bennett, Alan,  |d  (1934- )  |0 IT\ICCU\MILV\115080  |4 aut 
240 1 4 |a The uncommon reader  |3 IT\ICCU\UBO\3309298  |9 Bennett, Alan <1934- > 
245 1 3 |a La sovrana lettrice /  |c Alan Bennett ; traduzione di Monica Pavani. 
260 |a Milano :  |b Adelphi,  |c 2011 
300 |a 95 p. ;  |c 20 cm 
520 |a A una cena ufficiale, circostanza che generalmente non si presta a un disinvolto scambio di idee, la regina d'Inghilterra chiede al presidente francese se ha mai letto Jean Genet. Ora, se il personaggio pubblico noto per avere emesso, nella sua carriera, il minor numero di parole arrischia una domanda del genere, qualcosa deve essere successo. Qualcosa in effetti è successo, qualcosa di semplice, ma dalle conseguenze incalcolabili: per un puro accidente, la sovrana ha scoperto la lettura di quegli oggetti strani che sono i libri, non può più farne a meno e cerca di trasmettere il virus a chiunque incontri sul suo cammino. Con quali effetti sul suo entourage, sui suoi sudditi, sui servizi di security e soprattutto sui suoi lettori lo scoprirà solo chi arriverà all'ultima pagina, anzi all'ultima riga. 
700 1 |a Pavani, Monica  |0 IT\ICCU\FERV\056065  |4 trl 
830 4 |a Gli Adelphi ;  |v 398  |0 IT\ICCU\RMS\2621144 
942 |2 ddc  |c BK  |n 0 
952 |0 0  |1 0  |4 0  |6 DOC_823_914000000000000_BEN  |7 0  |9 19916  |a BO  |b BO  |d 2026-01-15  |i 17276  |l 0  |o DOC 823.914 BEN  |p BO17276  |r 2026-01-15 23:21:06  |w 2026-01-15  |x [Sebina 5] [1 v.]  |y BK  |z 1 v. 
999 |c 16981  |d 16981